Economics of development /

Αποθηκεύτηκε σε:
Λεπτομέρειες βιβλιογραφικής εγγραφής
Άλλοι συγγραφείς: Gillis, Malcolm., Roemer, Michael., Snodgrass, Donald R., Perkins, Dwight H., Prof.
Μορφή: Βιβλίο
Γλώσσα:English
Έκδοση: New York : W.W. Norton, 1996.
Έκδοση:4th ed.
Θέματα:
Ετικέτες: Προσθήκη ετικέτας
Δεν υπάρχουν, Καταχωρήστε ετικέτα πρώτοι!
Thư viện lưu trữ: Mạng thư viện Đại học Đà Nẵng
LEADER 01061cam a2200385 i 4500
001 000045243
003 4414
005 20030225165651.0
008 010220|1996 vm 000 eng
020 |a 0393969576 
040 |a IRC  |c IRC  |d IRC 
041 0 |a eng 
082 1 4 |a 338.9  |b Ec-D 
245 0 0 |a Economics of development /  |c Malcolm Gillis, Dwight H. Perkins, Michael Roemer, Donald R. Snodgrass. 
250 |a 4th ed. 
260 |a New York :  |b W.W. Norton,  |c 1996. 
300 |a xvi, 604p. :  |b ill., col. maps. 
630 0 4 |a Economics. 
630 0 4 |a Economic development. 
650 0 4 |a Economic development. 
650 0 4 |a Developing countries  |x Economic policy. 
700 1 |a Gillis, Malcolm. 
700 1 |a Roemer, Michael. 
700 1 |a Snodgrass, Donald R. 
700 1 |a Perkins, Dwight H.,  |c Prof. 
OWN |a DUT 
999 |a From the UDN01 
TYP |a Monograph 
TYP |a Printed language 
980 |a Mạng thư viện Đại học Đà Nẵng